000
00323nam a2200133Ia 4500
005
20251222141858.0
008
251222s9999||||xx |||||||||||||| ||spa||
020
_a
9972-9904-9-4
082
_a
343.04/R71
100
_a
Robles Moreno, Carmen del Pilar
245
0
_a
Código Tributario:
264
_b
Pacífico
942
_c
LIB
999
_c
7947
_d
7947